Sedimentary ores, ancient & modern (revised) : proceedings 15th Inter-University Geological Congress, University of Leicester, December 1967 /

Saved in:
Bibliographic Details
Corporate Author: Inter-University Geological Congress University of Leicester
Other Authors: James, Clifford H.
Format: Conference Proceeding Book
Language:English
Published: Leicester : University of Leicester, 1969.
Series:Special publication (University of Leicester. Dept. of Geology) ; no. 1.
Subjects:
LEADER 01402nam a2200313 a 4500
001 c000170230
003 CARM
005 20020701205243.0
008 701102s1969 enkabf b 100 0 eng
015 |a B69-20546 
019 1 |a 67690  |z 6526069  |5 LACONCORD2021 
020 |a 0900650001 
035 |a (OCoLC)116537  |5 LACONCORD2021 
040 |a LC  |b eng  |c LC  |d LC 
050 4 |a TN265  |b .I5 1967 
082 0 4 |a 553/.1 
111 2 |a Inter-University Geological Congress  |n (15th :,  |d 1967 :  |c University of Leicester) 
245 1 0 |a Sedimentary ores, ancient & modern (revised) :  |b proceedings 15th Inter-University Geological Congress, University of Leicester, December 1967 /  |c edited by Clifford H. James. 
260 |a Leicester :  |b University of Leicester,  |c 1969. 
300 |a [3], 305 p., 12 leaves of plates (1 folded) :  |b ill., maps ;  |c 25 cm. 
490 1 |a Special publication no. 1, Dept. of Geology, University of Leicester. 
504 |a Includes bibliographies. 
650 0 |a Ores  |x Congresses. 
650 0 |a Rocks, Sedimentary  |x Congresses. 
700 1 |a James, Clifford H. 
830 0 |a Special publication (University of Leicester. Dept. of Geology) ;  |v no. 1. 
852 8 |b CARM  |h A2:AN36F0  |i C06144  |p 0227566  |f BK 
999 f f |i c235b479-9d0e-5e61-bc66-e8df4aa9dc7d  |s adc38e50-cfe7-548d-a494-29f5b5827586 
952 f f |p Can circulate  |a CAVAL  |b CAVAL  |c CAVAL  |d CARM 1 Store  |e C06144  |f A2:AN36F0  |h Other scheme  |i book  |m 0227566